[Event "BSG Chemie Leipzig-LSV Turm Lippstadt"]
[Site "?"]
[Date "2007.12.29"]
[Round "6.3"]
[White "Scheer, Maximilian"]
[Black "Richter, Leonard"]
[Result "0-1"]
[WhiteElo "1223"]
[BlackElo "1349"]
[PlyCount "134"]
[EventDate "2007.??.??"]

1. e4 c6 2. Nc3 d5 3. d3 e5 4. Nf3 d4 5. Ne2 Bd6 6. Ng3 Be6 7. Be2 Nd7 8. O-O
Ngf6 9. Bg5 O-O 10. Qd2 Rc8 11. c3 c5 12. b3 Rc6 13. Rac1 Qb8 14. Rc2 Rfc8 15.
Rfc1 Ng4 16. h3 Ngf6 17. Bxf6 Nxf6 18. Nh4 b6 19. Nhf5 Bf8 20. cxd4 exd4 21.
Nxd4 Rd6 22. e5 Rxd4 23. exf6 gxf6 24. Ne4 Bg7 25. Nc3 Rcd8 26. Nb5 R4d7 27.
Rf1 a6 28. Na3 b5 29. Qe3 Re8 30. Qd2 Qd6 31. Qe3 c4 32. Nxc4 bxc4 33. bxc4
Rde7 34. Qf3 Qc5 35. Rd1 Bd5 36. Qxd5 Qxd5 37. cxd5 Rxe2 38. Rdc1 Rxc2 39. Rxc2
Bf8 40. Rc6 Rd8 41. Rxf6 Rxd5 42. Rf3 Ra5 43. d4 Rxa2 44. Rd3 Bd6 45. g3 Ra3
46. Rd1 a5 47. Kg2 Ra2 48. Kf3 a4 49. Ke3 a3 50. f4 Rb2 51. Kd3 Rb3+ 52. Kc4
Rxg3 53. f5 Kf8 54. Kd5 Ke7 55. Kc6 Bf4 56. Rf1 a2 57. Ra1 Rg2 58. Kd5 Be3 59.
Ke4 Bg5 60. Kf3 Rd2 61. Kg4 Bf6 62. Re1+ Kd6 63. Ra1 Bxd4 64. Rxa2 Rxa2 65. Kg5
Bg7 66. h4 Ra4 67. h5 f6# 0-1

[Event "BSG Chemie Leipzig-LSV Turm Lippstadt"]
[Site "?"]
[Date "2007.12.29"]
[Round "6.4"]
[White "Bessert, Maximilian"]
[Black "Sabelfeld, Andreas"]
[Result "1-0"]
[WhiteElo "1126"]
[BlackElo "1055"]
[PlyCount "71"]
[EventDate "2007.??.??"]

1. e4 e6 2. d4 d5 3. exd5 exd5 4. Bd3 Nc6 5. c3 Nf6 6. Nf3 Bd6 7. Be3 O-O 8.
Nbd2 Re8 9. O-O Ng4 10. Re1 Nxe3 11. Rxe3 Rxe3 12. fxe3 Qe7 13. Qe2 Bg4 14. Qf2
Re8 15. Re1 Bxf3 16. Nxf3 Qf6 17. e4 dxe4 18. Bxe4 Bf4 19. Bxh7+ Kf8 20. Rxe8+
Kxe8 21. Qe2+ Qe7 22. Qb5 Qd7 23. Qxb7 g6 24. Qa8+ Nd8 25. Qe4+ Ne6 26. d5 Bd6
27. dxe6 fxe6 28. Ng5 Kf8 29. Nxe6+ Ke7 30. Nc5+ Kd8 31. Nxd7 Kxd7 32. Bxg6 Kc8
33. Bf5+ Kb8 34. Qc6 a6 35. Be4 Kc8 36. Qe8# 1-0

[Event "SC Vaterstetten-SV Stuttgart-Wolfbusch"]
[Site "?"]
[Date "2007.12.29"]
[Round "6.1"]
[White "Schnorr, Christian"]
[Black "Nitsche-Hahn, Maxim"]
[Result "0-1"]
[WhiteElo "1569"]
[BlackElo "1425"]
[PlyCount "52"]
[EventDate "2007.??.??"]

1. d4 Nf6 2. Nf3 g6 3. e3 Bg7 4. c4 O-O 5. Be2 b6 6. Nc3 Bb7 7. O-O d6 8. b4
Nbd7 9. a4 c5 10. dxc5 dxc5 11. b5 Ne4 12. Nxe4 Bxa1 13. Qc2 Bg7 14. Rd1 Qc7
15. Ne1 Rfd8 16. Nc3 Nf6 17. Rxd8+ Rxd8 18. Bf3 Bxf3 19. Nxf3 Qd6 20. h3 Qd3
21. Qxd3 Rxd3 22. Na2 Ne4 23. Ne1 Rd1 24. Kf1 Nc3 25. Bb2 Nxa2 26. Bxg7 Kxg7
0-1

[Event "SV Empor Berlin-USV Potsdam"]
[Site "?"]
[Date "2007.12.29"]
[Round "6.1"]
[White "Friedrich, Wiede"]
[Black "Tong, Lukas Fabian Chuan"]
[Result "1-0"]
[WhiteElo "1963"]
[BlackElo "1575"]
[PlyCount "65"]
[EventDate "2007.??.??"]

1. e4 e6 2. d3 d5 3. Nd2 c5 4. Ngf3 Nc6 5. g3 Nf6 6. Bg2 Be7 7. O-O O-O 8. Re1
b6 9. Qe2 Bb7 10. c3 dxe4 11. dxe4 Qc7 12. Nf1 Rfd8 13. Bf4 Qd7 14. Qc2 Qe8 15.
Ne3 h6 16. Nc4 b5 17. Nce5 a6 18. Nxc6 Qxc6 19. Ne5 Qb6 20. Qb3 Rac8 21. Qc2 b4
22. Be3 Qc7 23. f4 a5 24. Kh1 Bd6 25. Nc4 Ng4 26. Bg1 Ba6 27. Nxd6 Qxd6 28. h3
Bd3 29. Qc1 Ne5 30. fxe5 Qxe5 31. Qf4 Qxf4 32. gxf4 Bb5 33. Rad1 1-0

[Event "SV Empor Berlin-USV Potsdam"]
[Site "?"]
[Date "2007.12.29"]
[Round "6.4"]
[White "Scheinhütte, Jakob"]
[Black "Werthmann, Nils"]
[Result "0-1"]
[WhiteElo "927"]
[BlackElo "1067"]
[PlyCount "80"]
[EventDate "2007.??.??"]

1. e4 c6 2. Nc3 d5 3. d4 dxe4 4. Nxe4 Bf5 5. Ng3 Bg6 6. Bc4 e6 7. Nf3 Nd7 8. c3
Ngf6 9. Bg5 Bd6 10. O-O O-O 11. Bb3 Qc7 12. c4 Bxg3 13. fxg3 Nb6 14. c5 Nbd5
15. Bxd5 Nxd5 16. a3 f6 17. Bf4 Qd7 18. b4 Nc3 19. Qb3 Ne2+ 20. Kh1 Nxd4 21.
Qd1 e5 22. Be3 Rad8 23. g4 Bc2 24. Qd2 Nb3 25. Qxd7 Rxd7 26. Rac1 Nxc1 27. Rxc1
Be4 28. g5 Bxf3 29. gxf3 fxg5 30. Bxg5 Rxf3 31. Kg2 Rxa3 32. Kf2 h6 33. Be3
Rdd3 34. Re1 Kf7 35. Bc1 Ra2+ 36. Kf1 Rf3+ 37. Kg1 Rh3 38. Rxe5 Rhxh2 39. Rf5+
Ke6 40. Rf1 Rag2# 0-1

[Event "SG Porz 47-SV Unterkochen"]
[Site "?"]
[Date "2007.12.29"]
[Round "6.4"]
[White "Priesmann, Dominik"]
[Black "Schmid, Bernd"]
[Result "1-0"]
[WhiteElo "796"]
[BlackElo "776"]
[PlyCount "61"]
[EventDate "2007.??.??"]

1. e4 e5 2. Nf3 Nc6 3. Nc3 Nf6 4. Bc4 Bc5 5. Bd5 Na5 6. Nxe5 O-O 7. d4 Bb4 8.
Bd2 Be7 9. O-O c6 10. Bb3 d6 11. Nc4 Nxc4 12. Bxc4 Bg4 13. f3 Bh3 14. gxh3 Qc8
15. Qe2 Qxh3 16. Qg2 Qd7 17. Bh6 g6 18. Bxf8 Rxf8 19. e5 dxe5 20. dxe5 Nh5 21.
Rad1 Qc7 22. e6 Bc5+ 23. Kh1 fxe6 24. Bxe6+ Kh8 25. Rd7 Qb8 26. Qd2 Rg8 27.
Bxg8 Kxg8 28. Qd3 Bb6 29. Na4 Ba5 30. Qb3+ Kf8 31. Qf7# 1-0

[Event "TuS Makkabi Berlin-SF Köln-Mülheim"]
[Site "?"]
[Date "2007.12.29"]
[Round "6.2"]
[White "Davydov, Ruven"]
[Black "Eigemann, Frederik"]
[Result "0-1"]
[WhiteElo "1747"]
[BlackElo "1564"]
[PlyCount "64"]
[EventDate "2007.??.??"]

1. e4 e6 2. d4 d5 3. e5 c5 4. Nf3 cxd4 5. Nxd4 Nc6 6. Bb5 Bd7 7. Bxc6 bxc6 8.
O-O c5 9. Nf3 Ne7 10. Bg5 h6 11. Bh4 Qc7 12. Nc3 Nf5 13. Bg3 Rb8 14. b3 Be7 15.
Qe2 d4 16. Ne4 Bb5 17. Qd2 Bxf1 18. Rxf1 Qb7 19. Nd6+ Bxd6 20. exd6 Rd8 21. Qa5
Nxg3 22. fxg3 Rxd6 23. Qxc5 Qb6 24. Qxb6 axb6 25. Ne5 O-O 26. Rd1 Rd5 27. Re1
Re8 28. Re2 Rc5 29. Nc4 b5 30. Na3 Ra8 31. b4 Rd5 32. Nb1 Rxa2 0-1

[Event "TuS Makkabi Berlin-SF Köln-Mülheim"]
[Site "?"]
[Date "2007.12.29"]
[Round "6.3"]
[White "Eigemann, Julian"]
[Black "Wagner, Christian"]
[Result "1/2-1/2"]
[WhiteElo "1508"]
[BlackElo "1451"]
[PlyCount "41"]
[EventDate "2007.??.??"]

1. e4 e5 2. Nf3 Nc6 3. Nc3 Nf6 4. d4 exd4 5. Nxd4 Bb4 6. Nxc6 Bxc3+ 7. bxc3
bxc6 8. Bd3 d5 9. exd5 cxd5 10. O-O O-O 11. Bg5 Qd6 12. Qf3 Ng4 13. Bf4 Qd7 14.
Rad1 c6 15. c4 Nf6 16. cxd5 cxd5 17. c4 Qa4 18. h3 Be6 19. c5 Rac8 20. a3 Rfd8
21. Bg5 1/2-1/2

[Event "SC Forchheim-SV Empor Erfurt"]
[Site "?"]
[Date "2007.12.29"]
[Round "6.1"]
[White "Urban, Lars"]
[Black "Mons, Leon"]
[Result "1/2-1/2"]
[WhiteElo "1657"]
[BlackElo "1990"]
[PlyCount "61"]
[EventDate "2007.??.??"]

1. d4 d5 2. c4 e6 3. Nc3 Be7 4. cxd5 exd5 5. Qc2 c6 6. Bf4 Nf6 7. h3 b6 8. Nf3
Bb7 9. e3 Nbd7 10. Bd3 Nf8 11. g4 Ne6 12. Bg3 g6 13. Nh2 Bd6 14. Bxd6 Qxd6 15.
O-O-O Qc7 16. Kb1 O-O-O 17. f4 Kb8 18. Nf3 Qe7 19. Rhe1 Nc7 20. g5 Nh5 21. Ne5
Ne6 22. Ne2 Rc8 23. Qa4 Rc7 24. Ng1 Rhc8 25. Ngf3 Nf8 26. Rc1 Ng3 27. Rc2 Ne4
28. Rec1 Qe6 29. Bf1 Ng3 30. Bg2 Ka8 31. Ka1 1/2-1/2

[Event "SC Forchheim-SV Empor Erfurt"]
[Site "?"]
[Date "2007.12.29"]
[Round "6.4"]
[White "Förstel, Markus"]
[Black "Messing, Paul"]
[Result "1/2-1/2"]
[WhiteElo "1316"]
[BlackElo "1211"]
[PlyCount "117"]
[EventDate "2007.??.??"]

1. e4 e5 2. Nf3 Nc6 3. Bc4 Nf6 4. d3 Bc5 5. Nc3 d6 6. Bg5 h6 7. Bh4 g5 8. Bg3
Qe7 9. h4 Nh7 10. Nd5 Qd8 11. hxg5 Be6 12. Nd2 Nxg5 13. Bh4 Rg8 14. Qh5 Rg6 15.
Nf3 a6 16. Bxg5 hxg5 17. Qxg6 fxg6 18. Rh8+ Kd7 19. Rxd8+ Rxd8 20. O-O-O Bxd5
21. exd5 Na5 22. Rf1 Nxc4 23. dxc4 Rf8 24. Kd2 Rf5 25. Ke2 c6 26. g4 Rf4 27.
Nxg5 Rxc4 28. dxc6+ bxc6 29. c3 Rxg4 30. Nf3 g5 31. Nd2 d5 32. f3 Rg2+ 33. Kd3
a5 34. a3 Bb6 35. b4 axb4 36. axb4 c5 37. bxc5 Bxc5 38. Ra1 g4 39. fxg4 Rxg4
40. Re1 Rg3+ 41. Kc2 Ke6 42. Kb2 d4 43. Ne4 Rg2+ 44. Kb3 Bb6 45. cxd4 Bxd4 46.
Kc4 Kf5 47. Kd5 Kf4 48. Rf1+ Ke3 49. Rb1 Rg4 50. Rb3+ Kf4 51. Nd6 Rg3 52. Rxg3
Kxg3 53. Nf5+ Kf4 54. Nxd4 e4 55. Ne2+ Kf3 56. Kd4 e3 57. Nc3 Kf2 58. Kd3 e2
59. Nxe2 1/2-1/2

[Event "SC Reti Heusweiler-SK Ettlingen"]
[Site "?"]
[Date "2007.12.29"]
[Round "6.1"]
[White "Volz, Alexander"]
[Black "Grewenig, Jan"]
[Result "1/2-1/2"]
[WhiteElo "1480"]
[BlackElo "1607"]
[PlyCount "73"]
[EventDate "2007.??.??"]

1. d4 Nf6 2. c4 c5 3. Nf3 e6 4. Nc3 cxd4 5. Nxd4 Nc6 6. Bg5 Be7 7. e3 h6 8. Bh4
O-O 9. Be2 d5 10. cxd5 Nxd5 11. Bxe7 Ndxe7 12. Nxc6 Nxc6 13. O-O Qf6 14. Qc2
Ne7 15. Ne4 Qe5 16. Rfd1 Nd5 17. Rac1 Bd7 18. Qb1 Bc6 19. Bf3 Rac8 20. a3 g5
21. Ng3 f5 22. Bxd5 Bxd5 23. Rxc8 Rxc8 24. Rc1 Rxc1+ 25. Qxc1 Kg7 26. Ne2 Kg6
27. Qc3 Kf6 28. f3 Qxc3 29. Nxc3 a6 30. Kf2 h5 31. e4 Bc6 32. exf5 exf5 33. b4
Ke5 34. Ke3 h4 35. h3 b6 36. Nd1 f4+ 37. Kd2 1/2-1/2

[Event "SK Gründau-SC Einheit Bautzen"]
[Site "?"]
[Date "2007.12.29"]
[Round "6.3"]
[White "Vu Tuan, Minh"]
[Black "Zahn, Fabian"]
[Result "1-0"]
[WhiteElo "1184"]
[BlackElo "957"]
[PlyCount "97"]
[EventDate "2007.??.??"]

1. e4 e5 2. Nf3 d6 3. d4 exd4 4. Nxd4 Nf6 5. Nc3 Be7 6. Bc4 O-O 7. Bf4 h6 8.
Qd2 c5 9. Ndb5 Ne8 10. O-O-O a6 11. Nxd6 Nxd6 12. Bxd6 Bxd6 13. Qxd6 Qxd6 14.
Rxd6 b5 15. Bd5 Ra7 16. e5 Rd7 17. Rb6 b4 18. e6 Re7 19. exf7+ Kh8 20. Rxb8
bxc3 21. bxc3 Kh7 22. g4 c4 23. f4 Rd8 24. Bxc4 Rb7 25. Rxb7 Bxb7 26. Re1 Bc6
27. h4 Rc8 28. Bxa6 Rd8 29. c4 Rf8 30. Re7 Bf3 31. c5 Bxg4 32. c6 Kg6 33. c7
Kf6 34. Re8 Rxf7 35. c8=Q Bxc8 36. Rxc8 g5 37. hxg5+ hxg5 38. Rc6+ Kg7 39. fxg5
Rf1+ 40. Kb2 Rg1 41. Be2 Kh7 42. a4 Rg4 43. Bxg4 Kg7 44. a5 Kf7 45. a6 Kg7 46.
a7 Kf7 47. Bh5+ Kg7 48. a8=R Kh7 49. Rc7# 1-0

[Event "BSG Chemie Leipzig-LSV Turm Lippstadt"]
[Site "?"]
[Date "2007.12.29"]
[Round "6.2"]
[White "Oha, Maximilian"]
[Black "Valledor Pereira, Dominik Damian"]
[Result "1/2-1/2"]
[WhiteElo "1398"]
[BlackElo "1236"]
[PlyCount "48"]
[EventDate "2007.??.??"]

1. e4 c5 2. Nc3 Nc6 3. g3 d6 4. Bg2 Bd7 5. d3 a6 6. f4 Nf6 7. Be3 Qc7 8. Nf3 e6
9. O-O Be7 10. h3 O-O 11. Qd2 Rad8 12. Ne2 Rfe8 13. g4 h6 14. Ng3 b5 15. Kh1 d5
16. e5 d4 17. Bf2 Nd5 18. Rae1 f6 19. h4 Rf8 20. Re2 Rf7 21. h5 fxe5 22. fxe5
Rdf8 23. Rg1 Nf4 24. Nh2 Nxe5 {Rest der Partie nicht rekonstruierbar} 1/2-1/2

[Event "SC Vaterstetten-SV Stuttgart-Wolfbusch"]
[Site "?"]
[Date "2007.12.29"]
[Round "6.3"]
[White "Riasanow, Nikita"]
[Black "Xiong, Ferdinand"]
[Result "1/2-1/2"]
[WhiteElo "1252"]
[BlackElo "1489"]
[PlyCount "68"]
[EventDate "2007.??.??"]

1. e4 c5 2. Nc3 d6 3. g3 Nc6 4. f4 Nf6 5. Bg2 g6 6. Nf3 Bg7 7. O-O O-O 8. d3 a6
9. Be3 Ng4 10. Bd2 b5 11. Qc1 Bd7 12. Ne2 Qb6 13. Kh1 c4 14. Be1 cxd3 15. cxd3
Qe3 16. Qc2 Rac8 17. Nc3 Qa7 18. Qe2 b4 19. Nd5 a5 20. h3 Nf6 21. Bf2 Qa6 22.
Ne3 e5 23. Rae1 exf4 24. gxf4 Rfe8 25. Bh4 h6 26. Rg1 Kh8 27. Nc4 d5 28. Bxf6
Bxf6 29. Nd6 Nd4 30. Nxd4 Bxd4 31. Nxe8 Bxg1 32. Rxg1 Rxe8 33. e5 Be6 34. Rc1
Rc8 1/2-1/2

[Event "SV Empor Berlin-USV Potsdam"]
[Site "?"]
[Date "2007.12.29"]
[Round "6.2"]
[White "Moritz, Aron"]
[Black "Eichstaedt, Mirko"]
[Result "1/2-1/2"]
[WhiteElo "1646"]
[BlackElo "1284"]
[PlyCount "57"]
[EventDate "2007.??.??"]

1. e4 c6 2. d4 d5 3. exd5 cxd5 4. c3 Bf5 5. Bd3 Bg6 6. Bf4 e6 7. Nf3 Bd6 8.
Bxd6 Qxd6 9. Ne5 Bxd3 10. Qxd3 Ne7 11. O-O O-O 12. Nd2 f6 13. Ng4 e5 14. dxe5
fxe5 15. Rae1 Nbc6 16. Nc4 Qc7 17. Ncxe5 Rad8 18. Nxc6 Nxc6 19. Ne3 d4 20. Qc4+
Kh8 21. cxd4 Rxd4 22. Qc5 Rfd8 23. Nc2 R4d6 24. Na3 a6 25. b4 Qd7 26. h3 Rd5
27. Qc3 Rd3 28. Qb2 Rd2 29. Qb3 1/2-1/2

[Event "SV Empor Berlin-USV Potsdam"]
[Site "?"]
[Date "2007.12.29"]
[Round "6.3"]
[White "Cech, Tim"]
[Black "Schmid, Floyd"]
[Result "1/2-1/2"]
[WhiteElo "1218"]
[BlackElo "1073"]
[PlyCount "71"]
[EventDate "2007.??.??"]

1. c4 e6 2. Nc3 d5 3. cxd5 exd5 4. d4 c6 5. Nf3 Ne7 6. g3 Bf5 7. Bg2 Nd7 8. O-O
Nf6 9. Bg5 Ng6 10. Re1 Be7 11. Bxf6 Bxf6 12. e4 dxe4 13. Nxe4 Bxe4 14. Rxe4+
Be7 15. Qb3 b6 16. Rd1 O-O 17. d5 c5 18. Qc3 Bf6 19. Qd2 Re8 20. Rde1 Rxe4 21.
Rxe4 h6 22. b3 Qd6 23. Re3 Rd8 24. Kf1 Qxd5 25. Re8+ Nf8 26. Rxd8 Qxd8 27. Qxd8
Bxd8 28. Ne5 Bf6 29. Nc6 a6 30. a4 Ne6 31. Nb8 Nd4 32. Bd5 a5 33. Nd7 b5 34.
Nxc5 bxa4 35. bxa4 Be5 36. Nb7 1/2-1/2

[Event "SF Brackel Dortmund-SF Baiertal-Schatth"]
[Site "?"]
[Date "2007.12.29"]
[Round "6.1"]
[White "Herbst, Matthew"]
[Black "Schwiddessen, Jan"]
[Result "1-0"]
[WhiteElo "1153"]
[BlackElo "1335"]
[PlyCount "71"]
[EventDate "2007.??.??"]

1. e4 e5 2. Nf3 Nc6 3. d4 exd4 4. Nxd4 Bc5 5. Be3 Qf6 6. c3 Nge7 7. Bc4 O-O 8.
O-O Re8 9. Nb5 Bxe3 10. fxe3 Qe5 11. Bxf7+ Kh8 12. Bxe8 Qxb5 13. Rf8+ Ng8 14.
Qd5 Qxd5 15. exd5 Nce7 16. Bxd7 h6 17. Bxc8 Rxc8 18. Rxc8 Nxc8 19. Nd2 Nf6 20.
e4 Nb6 21. Re1 g5 22. c4 Kg7 23. e5 Ne8 24. Rf1 h5 25. b3 g4 26. Ne4 a5 27. d6
cxd6 28. exd6 Nd7 29. a3 h4 30. b4 b6 31. c5 axb4 32. axb4 bxc5 33. bxc5 Nxc5
34. Nxc5 g3 35. h3 Nf6 36. Rxf6 1-0

[Event "SF Brackel Dortmund-SF Baiertal-Schatth"]
[Site "?"]
[Date "2007.12.29"]
[Round "6.3"]
[White "Herbst, Timothy"]
[Black "Tiemann, Uwe"]
[Result "0-1"]
[WhiteElo "1103"]
[BlackElo "1031"]
[PlyCount "95"]
[EventDate "2007.??.??"]

1. c4 e5 2. d3 Nf6 3. g3 Bc5 4. Bg2 Nc6 5. Nf3 O-O 6. O-O d6 7. Nc3 Bg4 8. h3
Be6 9. Bg5 Qd7 10. Kh2 Qe7 11. Nd5 Bxd5 12. cxd5 Nd4 13. Qd2 a5 14. Rfe1 Bb4
15. Qd1 h6 16. Be3 Nxd5 17. Bxd4 exd4 18. Nxd4 Qe5 19. e3 c6 20. Qe2 Nc7 21.
Nf3 Qe6 22. a3 Bc5 23. d4 Bb6 24. Red1 c5 25. d5 Nxd5 26. Rd2 Nf6 27. Rad1 Rad8
28. Qb5 d5 29. Ne1 Rd6 30. Qb3 Rfd8 31. f3 c4 32. Qc2 Bxe3 33. Re2 d4 34. Nd3
cxd3 35. Qxd3 a4 36. Rdd2 Qb3 37. Qxb3 axb3 38. Rd3 b6 39. Re1 g5 40. Red1 Rc8
41. Bf1 Rc1 42. Rxc1 Bxc1 43. Rxb3 Nd5 44. Bd3 h5 45. g4 hxg4 46. hxg4 Nf4 47.
Bc2 d3 48. Bd1 0-1

[Event "SF Brackel Dortmund-SF Baiertal-Schatth"]
[Site "?"]
[Date "2007.12.29"]
[Round "6.4"]
[White "Birnkraut, Tim"]
[Black "Kurtz, Selina"]
[Result "1-0"]
[WhiteElo "1007"]
[BlackElo "838"]
[PlyCount "69"]
[EventDate "2007.??.??"]

1. e4 e5 2. Nf3 Nc6 3. Bc4 Nf6 4. d3 Bb4+ 5. c3 Ba5 6. Bg5 d6 7. Nbd2 h6 8. Bh4
Bg4 9. O-O O-O 10. h3 Bh5 11. b4 Bb6 12. b5 Na5 13. a4 g5 14. Bg3 a6 15. h4
axb5 16. Bxb5 c6 17. Bc4 g4 18. Nh2 d5 19. exd5 cxd5 20. Bb5 Qc8 21. Bxe5 Bd8
22. Rc1 Bg6 23. Bd6 Re8 24. Bxe8 Nxe8 25. Be5 h5 26. Re1 Qf5 27. Bd4 Bc7 28.
Re3 g3 29. Nhf3 Bf4 30. Re7 Bxd2 31. Qxd2 Nb3 32. Qe1 Nxc1 33. Rxe8+ Rxe8 34.
Qxe8+ Kh7 35. Qh8# 1-0

[Event "SG Porz 47-SV Unterkochen"]
[Site "?"]
[Date "2007.12.29"]
[Round "6.2"]
[White "Mehler, Simon"]
[Black "Basaran, Mehmet"]
[Result "1/2-1/2"]
[WhiteElo "1061"]
[BlackElo "865"]
[PlyCount "68"]
[EventDate "2007.??.??"]

1. e4 e5 2. Nf3 Nc6 3. Bc4 Bc5 4. d3 Nf6 5. Nc3 h6 6. Be3 Bxe3 7. fxe3 O-O 8.
d4 d6 9. h3 Re8 10. Bb5 a6 11. Ba4 b5 12. Bb3 Na5 13. O-O Nxb3 14. axb3 Bb7 15.
d5 b4 16. Na2 a5 17. c3 bxc3 18. Nxc3 c6 19. Qd2 c5 20. Ra4 Rb8 21. Rfa1 Ra8
22. Nb5 Nxe4 23. Rxe4 f5 24. Rea4 e4 25. Ne1 Qd7 26. Rxa5 Rxa5 27. Rxa5 Qd8 28.
Nc3 Qc7 29. Ne2 Qf7 30. Nf4 g5 31. Ne6 Rc8 32. Ra7 Ra8 33. Rxa8+ Bxa8 34. Nc2
Qb7 1/2-1/2

[Event "SC Reti Heusweiler-SK Ettlingen"]
[Site "?"]
[Date "2007.12.29"]
[Round "6.3"]
[White "Schwingen, Dominik"]
[Black "Holle, Cedric"]
[Result "0-1"]
[WhiteElo "1240"]
[BlackElo "1261"]
[PlyCount "62"]
[EventDate "2007.??.??"]

1. e4 e5 2. Nf3 Nc6 3. Bc4 Nf6 4. Ng5 d5 5. exd5 Na5 6. Bb5+ c6 7. dxc6 bxc6 8.
Be2 Bc5 9. O-O O-O 10. c3 Nb7 11. d3 Bf5 12. Be3 h6 13. Nf3 Re8 14. Bxc5 Nxc5
15. d4 exd4 16. cxd4 Ne6 17. Nc3 Qb6 18. b3 Rad8 19. Na4 Qb4 20. Bc4 Bg4 21. h3
Bxf3 22. Qxf3 Nxd4 23. Qf4 Ne2+ 24. Bxe2 Qxf4 25. Bf3 Rd6 26. Rac1 Ne4 27. Rfe1
Rg6 28. Nc5 Qxf3 29. g3 Rxg3+ 30. fxg3 Qxg3+ 31. Kf1 Qf2# 0-1

[Event "SK Gründau-SC Einheit Bautzen"]
[Site "?"]
[Date "2007.12.29"]
[Round "6.1"]
[White "Rührmund, Daniel"]
[Black "Kuhn, Jan"]
[Result "0-1"]
[WhiteElo "1584"]
[BlackElo "1606"]
[PlyCount "80"]
[EventDate "2007.??.??"]

1. e4 e6 2. d4 d5 3. Nc3 Nf6 4. e5 Nfd7 5. f4 c5 6. Nf3 Nc6 7. Ne2 Qb6 8. c3
cxd4 9. Nexd4 Bc5 10. g3 Nxd4 11. Nxd4 a6 12. Bg2 O-O 13. O-O Re8 14. Kh1 Nb8
15. b4 Bxd4 16. Qxd4 Qxd4 17. cxd4 Nc6 18. Bb2 Nxb4 19. a3 Nc2 20. Rac1 Ne3 21.
Rf3 Nc4 22. Ba1 Bd7 23. Rfc3 Rec8 24. Bf1 Nxa3 25. Bb2 Rxc3 26. Rxc3 Nb5 27.
Bxb5 Bxb5 28. Kg1 Bc4 29. Kf2 Kf8 30. Ke3 Ke8 31. Kd2 Kd7 32. Rc1 b5 33. Rb1 b4
34. Bc1 a5 35. Kc2 Kc6 36. Bd2 Kb5 37. Kc1 Rc8 38. Kd1 Bd3 39. Rb2 Rc4 40. Ra2
Rxd4 {Aufgabe Weiss} 0-1

[Event "SK Gründau-SC Einheit Bautzen"]
[Site "?"]
[Date "2007.12.29"]
[Round "6.2"]
[White "Tautz, Jonas"]
[Black "Hase, Albert"]
[Result "1/2-1/2"]
[WhiteElo "1323"]
[BlackElo "1479"]
[PlyCount "79"]
[EventDate "2007.??.??"]

1. e4 d6 2. d4 g6 3. Nf3 Bg7 4. Nc3 Nf6 5. Be2 c6 6. a4 Nbd7 7. O-O a6 8. a5
O-O 9. Re1 c5 10. h3 e5 11. dxe5 Nxe5 12. Nxe5 dxe5 13. Qxd8 Rxd8 14. Be3 Bf8
15. Bc4 Bd7 16. Bg5 Be7 17. Red1 Bc6 18. Kf1 Re8 19. f3 Nxe4 20. Nxe4 Bxe4 21.
fxe4 Bxg5 22. Rd7 Re7 23. Rad1 Rc8 24. Rxe7 Bxe7 25. Rd7 Kf8 26. Rxb7 Rc6 27.
Rb6 Rf6+ 28. Rxf6 Bxf6 29. Bxa6 Bd8 30. Ke2 Bxa5 31. Kd3 Ke7 32. Kc4 Kd6 33. c3
f5 34. exf5 gxf5 35. b4 Bd8 36. Bc8 f4 37. Kd3 Bb6 38. Ke4 c4 39. b5 Bf2 40.
Bb7 1/2-1/2

[Event "SC Vaterstetten-SV Stuttgart-Wolfbusch"]
[Site "?"]
[Date "2007.12.29"]
[Round "6.2"]
[White "Nitsche-Hahn, Raphael"]
[Black "Dölker, Kai"]
[Result "1-0"]
[WhiteElo "1528"]
[BlackElo "1221"]
[PlyCount "109"]
[EventDate "2007.??.??"]

1. d4 d5 2. c4 e6 3. Nf3 Nd7 4. Nc3 Ngf6 5. Bg5 c6 6. e3 Be7 7. Be2 O-O 8. O-O
h6 9. Bxf6 Bxf6 10. b4 a5 11. a3 c5 12. bxc5 Nxc5 13. dxc5 Bxc3 14. Rb1 Bf6 15.
cxd5 Qxd5 16. Qxd5 exd5 17. Nd4 Bxd4 18. exd4 Re8 19. Bf3 Rd8 20. Rfe1 Ra6 21.
h3 Re6 22. Rxe6 fxe6 23. Rb5 a4 24. Rb4 e5 25. Rxa4 Bd7 26. Rb4 Bc6 27. dxe5 d4
28. Bxc6 bxc6 29. Kf1 Rd5 30. f4 Rxc5 31. Rxd4 Ra5 32. Rc4 Rxa3 33. Rxc6 Ra4
34. g3 Ra3 35. Kf2 Ra2+ 36. Kf3 Ra3+ 37. Kg4 h5+ 38. Kh4 Kh7 39. g4 hxg4 40.
hxg4 Ra1 41. Kg5 Rh1 42. Rc3 Rh6 43. Re3 Rg6+ 44. Kf5 Ra6 45. g5 g6+ 46. Ke4
Re6 47. f5 gxf5+ 48. Kxf5 Re8 49. Rh3+ Kg7 50. Rh6 Rf8+ 51. Rf6 Rxf6+ 52. gxf6+
Kf8 53. e6 Ke8 54. Kg6 Kf8 55. f7 {Aufgabe Schwarz} 1-0

[Event "SG Porz 47-SV Unterkochen"]
[Site "?"]
[Date "2007.12.29"]
[Round "6.3"]
[White "Degünther, Julius"]
[Black "Sabirov, Ramil"]
[Result "0-1"]
[WhiteElo "976"]
[BlackElo "1147"]
[PlyCount "102"]
[EventDate "2007.??.??"]

1. e4 c5 2. Nf3 Nc6 3. d3 d6 4. Nc3 g6 5. g3 Bg7 6. Bg2 Bg4 7. h3 Bxf3 8. Qxf3
Nd4 9. Qd1 Qb6 10. O-O Nf6 11. Rb1 O-O 12. Be3 Nc6 13. Qd2 e6 14. Bh6 Nb4 15.
Bxg7 Kxg7 16. a3 Nc6 17. Kh1 Rad8 18. f4 Nh5 19. Kh2 Qc7 20. Bh1 a6 21. Rg1
Rfe8 22. Rbf1 Qa5 23. g4 Nf6 24. g5 Ng8 25. h4 d5 26. exd5 exd5 27. f5 d4 28.
Nb1 Qc7+ 29. Qf4 Re2+ 30. Rg2 Qxf4+ 31. Rxf4 Rde8 32. Rxe2 Rxe2+ 33. Bg2 Rxc2
34. f6+ Kf8 35. Rf1 Ne5 36. Rd1 Rxb2 37. Kg3 h6 38. Bxb7 Rxb7 39. a4 Nxd3 40.
Na3 Rb3 41. Nc4 Nb2+ 42. Kf4 Nxd1 43. Ke4 Nb2 44. Kd5 Nxc4 45. Kxc4 Rc3+ 46.
Kd5 d3 47. Kc6 d2 48. Kb6 d1=Q 49. Kxa6 Rb3 50. Ka5 Qd8+ 51. Ka6 Qa8# 0-1

[Event "SF Brackel Dortmund-SF Baiertal-Schatth"]
[Site "?"]
[Date "2007.12.29"]
[Round "6.2"]
[White "Reisberg, Andre"]
[Black "Müller, Maiko"]
[Result "1-0"]
[WhiteElo "1195"]
[BlackElo "1208"]
[PlyCount "111"]
[EventDate "2007.??.??"]

1. d4 d5 2. Bf4 Bf5 3. e3 e6 4. c4 c6 5. Qb3 b6 6. Nc3 Nf6 7. Nf3 Nbd7 8. Qa4
Qc8 9. Be2 Be7 10. Ne5 Nxe5 11. Bxe5 O-O 12. O-O Ne4 13. Nxe4 Bxe4 14. Rac1 Qb7
15. cxd5 Bxd5 16. Ba6 Qd7 17. Rfe1 b5 18. Qa5 f6 19. Bg3 Bd6 20. Bxd6 Qxd6 21.
e4 Bc4 22. b3 Bd3 23. Bb7 Rad8 24. Qxa7 Rd7 25. Qb6 Rb8 26. Rxc6 Qb4 27. Rcc1
Rdxb7 28. Qxe6+ Kh8 29. Rc8+ Qf8 30. Rxf8+ Rxf8 31. h3 b4 32. Rc1 Rbb8 33. Rd1
Rfe8 34. Qg4 Bxe4 35. Re1 f5 36. Qf4 g6 37. f3 Bc6 38. Rxe8+ Rxe8 39. Qd6 Ba8
40. Qxb4 Kg7 41. d5 Kf6 42. Qd6+ Kf7 43. Kf2 g5 44. Qd7+ Re7 45. Qxf5+ Kg7 46.
Qxg5+ Kf7 47. Qf5+ Kg8 48. d6 Re8 49. d7 Rf8 50. Qxf8+ Kxf8 51. d8=Q+ Kf7 52.
Qxa8 Ke6 53. Qd8 Ke5 54. Qd7 h5 55. b4 h4 56. Qg7+ {Aufgabe Schwarz} 1-0

[Event "TuS Makkabi Berlin-SF Köln-Mülheim"]
[Site "?"]
[Date "2007.12.29"]
[Round "6.4"]
[White "Lerch, Philipp"]
[Black "Rahmen, Christian"]
[Result "1-0"]
[WhiteElo "1569"]
[BlackElo "771"]
[PlyCount "29"]
[EventDate "2007.??.??"]
[WhiteTeam "TuS Makkabi Berlin"]
[BlackTeam "SF Köln-Mülheim"]

1. e4 d5 2. exd5 Qxd5 3. Nc3 Qa5 4. d4 c6 5. Nf3 Nf6 6. Bc4 Bf5 7. Bd2 Qc7 8.
Qe2 Bxc2 9. Rc1 Bf5 10. d5 cxd5 11. Nxd5 Qd8 12. Nc7+ Qxc7 13. Bxf7+ Kd8 14.
Rxc7 Kxc7 15. Qe5+ 1-0

[Event "Wilhelmshavener SF-Weisse Dame Hamburg"]
[Site "?"]
[Date "2007.12.29"]
[Round "6.2"]
[White "Neumann, Florian"]
[Black "Lampert, Jonas"]
[Result "0-1"]
[WhiteElo "1242"]
[BlackElo "1629"]
[PlyCount "42"]
[EventDate "2007.??.??"]
[WhiteTeam "Wilhelmshavener SF"]
[BlackTeam "Weisse Dame Hamburg"]

1. e4 e5 2. Nf3 Nc6 3. Bc4 Nf6 4. Ng5 d5 5. exd5 Nd4 6. c3 b5 7. Bf1 Nxd5 8. h4
Ne6 9. Bxb5+ Bd7 10. Bc4 Ndf4 11. Qf3 Nxg5 12. hxg5 Be6 13. Bb5+ Ke7 14. d4 Bd5
15. Qe3 Nxg2+ 16. Ke2 Nxe3 17. Rg1 Bc4+ 18. Bxc4 Nxc4 19. g6 hxg6 20. dxe5 Nxe5
21. Re1 Qd3# 0-1